00338nam a2200157Ia 4500003000900000008004100009040001300050040001300063245002000076245001100096250001000107260002200117300000800139490000700147600002600154IT-RoPAU120407s9999 xx 000 0 und d aIT-RoPAU cIT-RoPAU aLa Sainte Bible cAA.VV. aParis aLetouzey et Anè€ c cm v12 amanca il primo volume